书目信息 |
| 题名: |
1978历史不再徘徊
|
|
| 作者: | 凌志军 著 | |
| 分册: | ||
| 出版信息: | 人民出版 2008.05 |
|
| 页数: | 281页 | |
| 开本: | 24cm | |
| 丛书名: | ||
| 单 册: | ||
| 中图分类: | F325-09 | |
| 科图分类: | ||
| 主题词: | 农业经济--中国 | |
| 电子资源: | ||
| ISBN: | 978-7-01-002306-9 | |
| 000 | 00607nam0 2200229 45 | |
| 001 | 0961101306 | |
| 005 | 20091015165939.45 | |
| 010 | @a978-7-01-002306-9@dCNY28.00 | |
| 100 | @a20090515d2008 ekmy0 y0120 ea | |
| 102 | @aCN@b130000 | |
| 102 | @aCN@b110000 | |
| 105 | @ay z 000yy | |
| 200 | 1 | @a1978历史不再徘徊@f凌志军著@Fling zhi jun zhu |
| 210 | @c人民出版@d2008.05 | |
| 210 | @a北京@c人民出版社 | |
| 215 | @a281页@d24cm | |
| 606 | 0 | @a农业经济@x中国 |
| 690 | @aF325-09@v4 | |
| 701 | 0 | @a凌志军@Aling zhi jun@4著 |
| 801 | 0 | @aCN@c20091015 |
| 905 | @a10447@dF325-09@eL5661 | |
| 906 | @d28@n3@r1 | |
| 1978历史不再徘徊/凌志军著.-人民出版,2008.05.-北京:人民出版社 |
| 281页;24cm |
| ISBN 978-7-01-002306-9:CNY28.00 |
| ● |
| 相关链接 |
|
|
|
正题名:1978历史不再徘徊
索取号:F325-09/L5661
 
预约/预借
| 序号 | 登录号 | 条形码 | 馆藏地/架位号 | 状态 | 备注 |
| 1 | 893665 | 208936650 | 社科二线422/409社科库 33排4列1层/ [索取号:F325-09/L5661] | 在馆 | |
| 2 | 893666 | 208936669 | 社科库409/409社科库 33排4列1层/ [索取号:F325-09/L5661] | 在馆 | |
| 3 | 893667 | 208936678 | 社科库409/422社科库 37排4列3层/ [索取号:F325-09/L5661] | 在馆 |